Concept and application of Shariah for the construction industry : (Record no. 46936)
[ view plain ]
| 000 -LEADER | |
|---|---|
| fixed length control field | 01315cam a22003138i 4500 |
| 001 - CONTROL NUMBER | |
| control field | vtls003277110 |
| 003 - CONTROL NUMBER IDENTIFIER | |
| control field | MY-SjTCS |
| 005 - DATE AND TIME OF LATEST TRANSACTION | |
| control field | 20200306164005.0 |
| 008 - FIXED-LENGTH DATA ELEMENTS--GENERAL INFORMATION | |
| fixed length control field | 190306s2018 nju 001 0 eng |
| 020 ## - INTERNATIONAL STANDARD BOOK NUMBER | |
| International Standard Book Number | 9789813238909 |
| Qualifying information | hardback |
| 039 #9 - LEVEL OF BIBLIOGRAPHIC CONTROL AND CODING DETAIL [OBSOLETE] | |
| Level of rules in bibliographic description | 201903071756 |
| Level of effort used to assign nonsubject heading access points | shuhada |
| Level of effort used to assign subject headings | 201903071740 |
| Level of effort used to assign classification | shuhada |
| Level of effort used to assign subject headings | 201903071737 |
| Level of effort used to assign classification | shuhada |
| Level of effort used to assign subject headings | 201903061044 |
| Level of effort used to assign classification | shuhada |
| -- | 201901301507 |
| -- | malathy |
| 040 ## - CATALOGING SOURCE | |
| Original cataloging agency | DLC |
| Language of cataloging | eng |
| Transcribing agency | DLC |
| Modifying agency | TUL |
| Description conventions | rda |
| 082 04 - DEWEY DECIMAL CLASSIFICATION NUMBER | |
| Classification number | 624.0681 |
| Item number | CON 2019 |
| 245 00 - TITLE STATEMENT | |
| Title | Concept and application of Shariah for the construction industry : |
| Remainder of title | Shariah compliance in construction contracts, project finance and risk management / |
| Statement of responsibility, etc. | Editors: Khairuddin Abdul Rashid, Kiyoshi Kobayashi, Sharina Farihah Hasan, Masamitsu Onishi. |
| 264 #1 - PRODUCTION, PUBLICATION, DISTRIBUTION, MANUFACTURE, AND COPYRIGHT NOTICE | |
| Place of production, publication, distribution, manufacture | Hackensack, N.J. : |
| Name of producer, publisher, distributor, manufacturer | World Scientific, |
| Date of production, publication, distribution, manufacture, or copyright notice | [2019] |
| 264 #4 - PRODUCTION, PUBLICATION, DISTRIBUTION, MANUFACTURE, AND COPYRIGHT NOTICE | |
| Date of production, publication, distribution, manufacture, or copyright notice | ©2019 |
| 300 ## - PHYSICAL DESCRIPTION | |
| Extent | xl, 303 pages ; |
| Dimensions | 24 cm |
| 336 ## - CONTENT TYPE | |
| Content type term | text |
| Source | rdacontent |
| 337 ## - MEDIA TYPE | |
| Media type term | unmediated |
| Source | rdamedia |
| 338 ## - CARRIER TYPE | |
| Carrier type term | volume |
| Source | rdacarrier |
| 500 ## - GENERAL NOTE | |
| General note | Includes index. |
| 650 #0 - SUBJECT ADDED ENTRY--TOPICAL TERM | |
| Topical term or geographic name entry element | Construction contracts (Islamic law) |
| 9 (RLIN) | 78831 |
| 650 #0 - SUBJECT ADDED ENTRY--TOPICAL TERM | |
| Topical term or geographic name entry element | Dispute resolution (Law) |
| 9 (RLIN) | 243451 |
| 700 0# - ADDED ENTRY--PERSONAL NAME | |
| Personal name | Khairuddin Abdul Rashid, |
| Relator term | editor. |
| 9 (RLIN) | 18399 |
| 700 1# - ADDED ENTRY--PERSONAL NAME | |
| Personal name | Kobayashi, Kiyoshi, |
| Dates associated with a name | 1953- |
| Relator term | editor. |
| 9 (RLIN) | 78884 |
| 700 0# - ADDED ENTRY--PERSONAL NAME | |
| Personal name | Sharina Farihah Hasan, |
| Relator term | editor. |
| 9 (RLIN) | 78883 |
| 700 1# - ADDED ENTRY--PERSONAL NAME | |
| Personal name | Onishi, Masamitsu, |
| Relator term | editor. |
| 9 (RLIN) | 243452 |
| 920 ## - Programme | |
| Programme | SABD : 234596 |
| Withdrawn status | Lost status | Source of classification or shelving scheme | Damaged status | Not for loan | Home library | Current library | Date acquired | Total Checkouts | Barcode | Date last seen | Date last checked out | Copy number | Uniform Resource Identifier | Koha item type | Public note |
|---|---|---|---|---|---|---|---|---|---|---|---|---|---|---|---|
| Dewey Decimal Classification | Taylor's Library-TU | Taylor's Library-TU | 05/03/2019 | 13 | 5000169417 | 02/03/2020 | 02/03/2020 | 1 | Floor 4, Shelf 20 , Side 1, TierNo 5, BayNo 1 | Main Collection | SABDx,92602,03,AD |